000 00757nam a22002297a 4500
999 _c6107
_d6107
003 AR-CdUCM
008 190313b ||||| |||| 00| 0 spa d
040 _aMUNICIPALIDAD PROVINCIAL DEL CUSCO
_cBIBLIOTECA MUNICIPAL DEL CUSCO
082 _a869.009 /
_bP26
100 _aParra, Nicanor
_913977
245 _aCanciones rusas /
260 _aChile :
_bEditorial Universitaria,
_c1967.
300 _a77 páginas ;
_c18 cm.
440 _aColección letras de América
_917737
500 _aDonación familia Nieto
505 _aContenido: Ultimo brindis -- Regreso -- La fortuna -- Ritos -- Mendigo -- Atención -- Solo -- Nieve...
650 _aCanciones
_914568
650 _aRusia
_9499
650 _aRusia
_9499
942 _2ddc
_cLIBROS
945 _adavv